[Event "SV Wattenscheid 1 - SV Mülheim-Nord 2"]
[Site "Oberliga NRW 2014/2015"]
[Date "2014.09.14"]
[Round "1.1"]
[White "Zwirs, Nico"]
[Black "Mladenov, Svetlin"]
[Result "1-0"]
[WhiteElo "2323"]
[BlackElo "2439"]
[PlyCount "47"]
[EventDate "2014.??.??"]
[WhiteTeam "SV Mülheim-Nord 2"]
[BlackTeam "SV Wattenscheid 1"]

1. e4 c5 2. Nf3 e6 3. g3 d5 4. exd5 exd5 5. d4 Nf6 6. Bg2 Be7 7. O-O O-O 8.
dxc5 Bxc5 9. Nc3 Nc6 10. a3 Be6 11. b4 Be7 12. Bb2 Rc8 13. Re1 h6 14. Nd4 Nxd4
15. Qxd4 a5 16. Nxd5 Bxd5 17. Bxd5 Qxd5 18. Rxe7 Rxc2 19. bxa5 Qb3 20. Rb1 Rfc8
21. Qb6 Qa2 22. Bxf6 R8c6 23. Qd8+ Kh7 24. Qd3+ 1-0

[Event "SV Wattenscheid 1 - SV Mülheim-Nord 2"]
[Site "Oberliga NRW 2014/2015"]
[Date "2014.09.14"]
[Round "1.2"]
[White "Tereick, Benjamin"]
[Black "Rezasade, Amir"]
[Result "1/2-1/2"]
[WhiteElo "2421"]
[BlackElo "2259"]
[PlyCount "175"]
[EventDate "2014.??.??"]
[WhiteTeam "SV Wattenscheid 1"]
[BlackTeam "SV Mülheim-Nord 2"]

1. Nf3 d5 2. c4 c6 3. e3 Nf6 4. Qc2 g6 5. b3 Bg7 6. Bb2 O-O 7. Be2 a5 8. O-O
Na6 9. a3 Bf5 10. d3 Rc8 11. Nbd2 Nc5 12. Nd4 Bd7 13. Rfd1 Qb6 14. Bc3 Ne6 15.
N4f3 Bh6 16. d4 Ng5 17. Nxg5 Bxg5 18. b4 axb4 19. Bxb4 Bf5 20. Bd3 Bxd3 21.
Qxd3 Nd7 22. Qb3 dxc4 23. Nxc4 Qb5 24. a4 Qa6 25. f4 Bf6 26. Ne5 Rc7 27. Ng4 c5
28. Nxf6+ exf6 29. dxc5 Nxc5 30. Qd5 Qb6 31. Rab1 Rb8 32. a5 Qc6 33. Bxc5 Qxc5
34. Qxc5 Rxc5 35. a6 b6 36. Rd6 Ra5 37. Rdxb6 Ra8 38. Rb8+ Rxb8 39. Rxb8+ Kg7
40. Ra8 Ra2 41. e4 Ra4 42. a7 Ra2 43. Kf1 h5 44. Ke1 Ra1+ 45. Kd2 Ra2+ 46. Kc3
Ra4 47. Kb3 Ra1 48. Kc4 Ra4+ 49. Kb5 Ra2 50. Kb6 Rb2+ 51. Kc5 Ra2 52. Kc6 Rc2+
53. Kb7 Rb2+ 54. Kc7 Rc2+ 55. Kd7 Rd2+ 56. Ke7 Ra2 57. g3 Ra4 58. Kd6 Ra6+ 59.
Kd7 Ra2 60. Kc6 Rc2+ 61. Kb7 Rb2+ 62. Kc7 Rc2+ 63. Kd7 Rd2+ 64. Kc6 Rc2+ 65.
Kd5 Rd2+ 66. Kc4 Ra2 67. Kd3 Ra3+ 68. Ke2 Ra2+ 69. Kf1 Ra1+ 70. Ke2 Ra2+ 71.
Kd1 Ra1+ 72. Kc2 Ra2+ 73. Kb3 Ra1 74. h3 Ra5 75. Kb4 Ra1 76. g4 hxg4 77. hxg4
Rb1+ 78. Kc5 Ra1 79. Kb6 Rb1+ 80. Kc7 Ra1 81. Kd7 Ra4 82. f5 gxf5 83. gxf5 Ra5
84. Ke7 Re5+ 85. Kd6 Ra5 86. Ke7 Re5+ 87. Kd6 Ra5 88. Ke7 1/2-1/2

[Event "SV Wattenscheid 1 - SV Mülheim-Nord 2"]
[Site "Oberliga NRW 2014/2015"]
[Date "2014.09.14"]
[Round "1.3"]
[White "Nabuurs, Joep"]
[Black "Hopman, Pieter"]
[Result "0-1"]
[WhiteElo "2257"]
[BlackElo "2393"]
[PlyCount "140"]
[EventDate "2014.??.??"]
[WhiteTeam "SV Mülheim-Nord 2"]
[BlackTeam "SV Wattenscheid 1"]

1. e4 d6 2. d4 Nf6 3. Nc3 e5 4. Nf3 Nbd7 5. Bc4 Be7 6. O-O O-O 7. Re1 c6 8. a4
a5 9. Ba2 exd4 10. Nxd4 Nc5 11. Qf3 Qb6 12. Nf5 Bxf5 13. Qxf5 Rae8 14. Bc4 Qb4
15. Bf1 Bd8 16. Bd2 Ne6 17. Bd3 Nd7 18. Red1 Qb6 19. b3 g6 20. Qh3 Bf6 21. Rac1
Ndc5 22. Bc4 Ng5 23. Bxg5 Bxg5 24. Rb1 Nxe4 25. Nxe4 Rxe4 26. Qg3 Bh4 27. Qf3
d5 28. g3 Be7 29. Bd3 Re6 30. Kg2 Rf6 31. Qe2 Bc5 32. f4 Re6 33. Qf1 Bb4 34. f5
Re5 35. Qf4 Qe3 36. Qg4 Rfe8 37. Rf1 Qh6 38. Rf4 Bd2 39. Rf2 Be1 40. Rf4 Re3
41. Rd1 R3e5 42. Rb1 g5 43. f6 R8e6 44. Rxe1 Rxe1 45. Rf5 Kf8 46. Rxg5 Qxf6 47.
Rf5 Qh6 48. Rf2 Qc1 49. Bf1 Rxf1 50. Rxf1 Qxc2+ 51. Kg1 Qd3 52. Qh5 Qd4+ 53.
Kg2 Qe4+ 54. Kh3 Qg6 55. Qd1 Re4 56. Rf2 h5 57. Qd2 b6 58. Kg2 Kg8 59. Qc3 d4
60. Qc4 h4 61. Qa6 hxg3 62. hxg3 Re3 63. Qc8+ Kg7 64. Qc7 c5 65. Rf1 Qe4+ 66.
Kg1 Rf3 67. Rxf3 Qxf3 68. Qxb6 Qxg3+ 69. Kf1 Qf3+ 70. Kg1 Qe3+ 0-1

[Event "SV Wattenscheid 1 - SV Mülheim-Nord 2"]
[Site "Oberliga NRW 2014/2015"]
[Date "2014.09.14"]
[Round "1.4"]
[White "Straeter, Timo"]
[Black "Smith, Thijmen"]
[Result "0-1"]
[WhiteElo "2284"]
[BlackElo "2215"]
[PlyCount "64"]
[EventDate "2014.??.??"]
[WhiteTeam "SV Wattenscheid 1"]
[BlackTeam "SV Mülheim-Nord 2"]

1. d4 d5 2. c4 e6 3. Nc3 c5 4. e3 Nf6 5. Nf3 Nc6 6. a3 cxd4 7. exd4 Be7 8. c5
Ne4 9. Qc2 f5 10. Bb5 O-O 11. O-O g5 12. Bxc6 bxc6 13. Ne5 Bf6 14. b4 Qc7 15.
f3 Nxc3 16. Qxc3 Bxe5 17. dxe5 f4 18. Re1 Ba6 19. Qd4 Rab8 20. Bd2 Qf7 21. a4
Bc4 22. Ra3 Rb7 23. Rc1 Qf5 24. h3 h5 25. Kh2 Rg7 26. Rxc4 dxc4 27. b5 g4 28.
fxg4 hxg4 29. hxg4 Qxg4 30. Qe4 Rf5 31. bxc6 Rh5+ 32. Kg1 Rxe5 0-1

[Event "SV Wattenscheid 1 - SV Mülheim-Nord 2"]
[Site "Oberliga NRW 2014/2015"]
[Date "2014.09.14"]
[Round "1.5"]
[White "Wittenberg, Andreas"]
[Black "Thiel, Thomas"]
[Result "1/2-1/2"]
[WhiteElo "2167"]
[BlackElo "2320"]
[PlyCount "57"]
[EventDate "2014.??.??"]
[WhiteTeam "SV Mülheim-Nord 2"]
[BlackTeam "SV Wattenscheid 1"]

1. d4 Nf6 2. Nf3 c5 3. d5 b5 4. e3 Qb6 5. c4 b4 6. Bd3 g6 7. e4 d6 8. h3 Bg7 9.
Be3 O-O 10. Qc1 Re8 11. Nbd2 e6 12. O-O Ba6 13. Qc2 exd5 14. exd5 Nbd7 15. a3
b3 16. Nxb3 Rab8 17. Nc1 Qxb2 18. Ra2 Qb6 19. Bd2 Qc7 20. Nb3 Nxd5 21. cxd5
Bxd3 22. Qxd3 c4 23. Rc2 Qb7 24. Rxc4 Qxb3 25. Qxb3 Rxb3 26. Rc7 Ne5 27. Nxe5
Bxe5 28. Rxa7 Rd3 29. Be3 1/2-1/2

[Event "SV Wattenscheid 1 - SV Mülheim-Nord 2"]
[Site "Oberliga NRW 2014/2015"]
[Date "2014.09.14"]
[Round "1.6"]
[White "Franke, Johannes"]
[Black "Buckels, Valentin"]
[Result "1/2-1/2"]
[WhiteElo "2279"]
[BlackElo "2139"]
[PlyCount "35"]
[EventDate "2014.??.??"]
[WhiteTeam "SV Wattenscheid 1"]
[BlackTeam "SV Mülheim-Nord 2"]

1. e4 e5 2. Nc3 Nf6 3. Bc4 Nc6 4. d3 Na5 5. Bg5 Be7 6. Bxf6 Bxf6 7. Nge2 d6 8.
O-O c6 9. a3 Nxc4 10. dxc4 Be6 11. Qd3 Qb6 12. Na4 Qa5 13. b3 Rd8 14. Rad1 d5
15. cxd5 cxd5 16. Nec3 d4 17. Qb5+ Qxb5 18. Nxb5 1/2-1/2

[Event "SV Wattenscheid 1 - SV Mülheim-Nord 2"]
[Site "Oberliga NRW 2014/2015"]
[Date "2014.09.14"]
[Round "1.7"]
[White "Nachbar, Benjamin"]
[Black "Hirsch, Stefan"]
[Result "1-0"]
[WhiteElo "2159"]
[BlackElo "2226"]
[PlyCount "119"]
[EventDate "2014.??.??"]
[WhiteTeam "SV Mülheim-Nord 2"]
[BlackTeam "SV Wattenscheid 1"]

1. c4 g6 2. d4 Bg7 3. e4 d6 4. Nf3 Nd7 5. Be2 e5 6. d5 Ne7 7. Nc3 O-O 8. g4 Nc5
9. g5 a5 10. Be3 Bh3 11. Rg1 c6 12. Rg3 Bd7 13. Nd2 Qb8 14. Nb3 Na6 15. Nxa5
cxd5 16. cxd5 b5 17. a3 b4 18. axb4 Nxb4 19. Kf1 f6 20. gxf6 Bxf6 21. Ra3 Bh4
22. Rf3 Rxf3 23. Bxf3 Qc7 24. Nc4 Qxc4+ 25. Be2 Qc8 26. Rxa8 Qxa8 27. Qb3 Bh3+
28. Ke1 Qa1+ 29. Kd2 Qa5 30. Qa3 Qxa3 31. bxa3 Nbxd5 32. Bc4 Kf8 33. Nxd5 Nxd5
34. Bxd5 Bd8 35. Kc3 Ba5+ 36. Kb3 Bd7 37. a4 Bc8 38. Bc6 Be6+ 39. Kc2 Bg4 40.
Kd3 Be6 41. Bd2 Bc4+ 42. Ke3 Bb6+ 43. Kf3 Ba6 44. Bb5 Bxb5 45. axb5 Ke7 46. Be3
Bc5 47. Bd2 Bb6 48. Ke2 Kd7 49. f3 d5 50. Kd3 Kd6 51. Bb4+ Bc5 52. Bxc5+ Kxc5
53. exd5 Kxd5 54. h4 Kc5 55. Ke4 Kxb5 56. Kxe5 Kc4 57. Kf6 Kd4 58. Kg7 Ke5 59.
Kxh7 Kf6 60. Kg8 1-0

[Event "SV Wattenscheid 1 - SV Mülheim-Nord 2"]
[Site "Oberliga NRW 2014/2015"]
[Date "2014.09.14"]
[Round "1.8"]
[White "De Weerd, Warner"]
[Black "Bus, Tom"]
[Result "1/2-1/2"]
[WhiteElo "2196"]
[BlackElo "2099"]
[PlyCount "58"]
[EventDate "2014.??.??"]
[WhiteTeam "SV Wattenscheid 1"]
[BlackTeam "SV Mülheim-Nord 2"]

1. d4 Nf6 2. g3 c5 3. Nf3 g6 4. Bg2 Bg7 5. O-O cxd4 6. Nxd4 O-O 7. c4 d6 8. Nc3
Nc6 9. Nxc6 bxc6 10. Bxc6 Rb8 11. Qc2 Bf5 12. e4 Bh3 13. Rd1 Qc8 14. Nd5 Nxd5
15. exd5 Qg4 16. Re1 Bxb2 17. Bxb2 Rxb2 18. Qe4 Qxe4 19. Rxe4 Rfb8 20. a4 Ra2
21. Ree1 Rbb2 22. Rxa2 Rxa2 23. f4 Rg2+ 24. Kh1 Rc2 25. Kg1 Kf8 26. Rb1 Rg2+
27. Kh1 Rc2 28. Kg1 Rg2+ 29. Kh1 Rc2 1/2-1/2

[Event "PSV Duisburg 1 - SV Dinslaken 1"]
[Site "Oberliga NRW 2014/2015"]
[Date "2014.09.14"]
[Round "1.1"]
[White "Sielecki, Christof"]
[Black "Fleck, Juergen"]
[Result "1-0"]
[WhiteElo "2444"]
[BlackElo "2329"]
[PlyCount "65"]
[EventDate "2014.??.??"]
[WhiteTeam "SV Dinslaken 1"]
[BlackTeam "PSV Duisburg 1"]

1. d4 d5 2. c4 c6 3. cxd5 cxd5 4. Bf4 Nf6 5. Nc3 Nc6 6. e3 a6 7. Be2 Bf5 8. Nf3
e6 9. Qb3 Ra7 10. Ne5 Nxe5 11. Bxe5 Nd7 12. Bg3 Be7 13. O-O O-O 14. Rfc1 b5 15.
a4 b4 16. Nb1 Nf6 17. Nd2 Qd7 18. Nf3 Rc8 19. Ne5 Qe8 20. Qd1 Raa8 21. Rxc8
Qxc8 22. Rc1 Qb7 23. Nc6 Bf8 24. Na5 Qb6 25. Rc6 Qxa5 26. Bc7 Rc8 27. Bxa5 Rxc6
28. g4 Bc2 29. Qe1 b3 30. Bb4 Ne4 31. Bxf8 Kxf8 32. Qb4+ Nd6 33. Bb5 1-0

[Event "PSV Duisburg 1 - SV Dinslaken 1"]
[Site "Oberliga NRW 2014/2015"]
[Date "2014.09.14"]
[Round "1.2"]
[White "Schiffer, Kai-Uwe"]
[Black "Trella, Thomas"]
[Result "1/2-1/2"]
[WhiteElo "2234"]
[BlackElo "2378"]
[PlyCount "50"]
[EventDate "2014.??.??"]
[WhiteTeam "PSV Duisburg 1"]
[BlackTeam "SV Dinslaken 1"]

1. e4 e6 2. d4 d5 3. Nc3 Nf6 4. e5 Nfd7 5. f4 c5 6. Nf3 Qb6 7. Na4 Qc6 8. c3 b6
9. b3 Be7 10. Bd2 O-O 11. b4 Ba6 12. Rb1 Bxf1 13. Rxf1 f6 14. Qb3 fxe5 15. fxe5
c4 16. Qc2 Rf7 17. Bg5 Bxg5 18. Nxg5 Rxf1+ 19. Kxf1 Nf8 20. Kg1 h6 21. Nh3 Qe8
22. Rf1 Nbd7 23. g3 Qg6 24. Qxg6 Nxg6 25. a3 a6 1/2-1/2

[Event "PSV Duisburg 1 - SV Dinslaken 1"]
[Site "Oberliga NRW 2014/2015"]
[Date "2014.09.14"]
[Round "1.3"]
[White "Kern, Guido"]
[Black "Wengenroth, Walter"]
[Result "1/2-1/2"]
[WhiteElo "2289"]
[BlackElo "2212"]
[PlyCount "45"]
[EventDate "2014.??.??"]
[WhiteTeam "SV Dinslaken 1"]
[BlackTeam "PSV Duisburg 1"]

1. c4 e5 2. Nc3 Nf6 3. Nf3 Nc6 4. a3 g6 5. g3 Bg7 6. d3 O-O 7. Bg2 d6 8. O-O
Nd4 9. Nd2 c6 10. e3 Ne6 11. Nf3 Re8 12. e4 a6 13. Rb1 b5 14. b4 bxc4 15. dxc4
Nd4 16. Qd3 Bg4 17. Nd2 a5 18. h3 axb4 19. axb4 Be6 20. Bb2 Qb6 21. Ba1 Ra3 22.
Kh2 Rea8 23. Bb2 1/2-1/2

[Event "PSV Duisburg 1 - SV Dinslaken 1"]
[Site "Oberliga NRW 2014/2015"]
[Date "2014.09.14"]
[Round "1.4"]
[White "Heisel, Guido"]
[Black "Mundorf, Johannes"]
[Result "1/2-1/2"]
[WhiteElo "2091"]
[BlackElo "2238"]
[PlyCount "56"]
[EventDate "2014.??.??"]
[WhiteTeam "PSV Duisburg 1"]
[BlackTeam "SV Dinslaken 1"]

1. d4 e6 2. Bf4 Nf6 3. e3 b6 4. Nd2 Bb7 5. Ngf3 Bd6 6. Bg5 Be7 7. Bd3 Nd5 8.
Bxe7 Qxe7 9. c4 Nf6 10. e4 d6 11. O-O e5 12. Qc2 O-O 13. a3 a5 14. Rfe1 g6 15.
Qc3 Nbd7 16. Bc2 a4 17. Rad1 Nh5 18. Nf1 Ng7 19. Ne3 c6 20. dxe5 Nxe5 21. Nxe5
dxe5 22. Ng4 f6 23. Rd2 Ne6 24. Red1 Nd4 25. f3 Bc8 26. Nf2 Be6 27. Nd3 Rfc8
28. Kh1 c5 1/2-1/2

[Event "PSV Duisburg 1 - SV Dinslaken 1"]
[Site "Oberliga NRW 2014/2015"]
[Date "2014.09.14"]
[Round "1.5"]
[White "Stillger, Bernhard"]
[Black "Sponheim, Marko"]
[Result "1-0"]
[WhiteElo "2218"]
[BlackElo "2021"]
[PlyCount "77"]
[EventDate "2014.??.??"]
[WhiteTeam "SV Dinslaken 1"]
[BlackTeam "PSV Duisburg 1"]

1. Nf3 c5 2. c4 Nf6 3. Nc3 e6 4. g3 b6 5. Bg2 Bb7 6. O-O Be7 7. d4 cxd4 8. Qxd4
Nc6 9. Qf4 d6 10. Rd1 a6 11. b3 Qc7 12. Ba3 Rd8 13. Rac1 Qb8 14. Nd2 O-O 15.
Nde4 Nxe4 16. Nxe4 d5 17. Qxb8 Rxb8 18. Bxe7 Nxe7 19. cxd5 Nxd5 20. Nd6 Ba8 21.
e4 Nf6 22. f4 Rfd8 23. e5 Bxg2 24. Kxg2 Nd5 25. Kf3 h5 26. a3 f5 27. Rc6 Kf8
28. b4 Ke7 29. Rxd5 exd5 30. Nxf5+ Kf8 31. Nd6 Ke7 32. Rc7+ Rd7 33. Nf5+ Kd8
34. Rc6 Rc8 35. Rxb6 Rc3+ 36. Ke2 Rxa3 37. e6 Rc7 38. Rb8+ Rc8 39. e7+ 1-0

[Event "PSV Duisburg 1 - SV Dinslaken 1"]
[Site "Oberliga NRW 2014/2015"]
[Date "2014.09.14"]
[Round "1.6"]
[White "Kretschmann, Thomas"]
[Black "Ossig, Rainer"]
[Result "1/2-1/2"]
[WhiteElo "2069"]
[BlackElo "2125"]
[PlyCount "51"]
[EventDate "2014.??.??"]
[WhiteTeam "PSV Duisburg 1"]
[BlackTeam "SV Dinslaken 1"]

1. e4 e6 2. d4 d5 3. Nd2 Nc6 4. Ngf3 Nf6 5. exd5 exd5 6. Bd3 Bg4 7. h3 Bh5 8.
c3 Bd6 9. O-O O-O 10. Re1 Re8 11. Rxe8+ Qxe8 12. Nf1 Ne7 13. Ng3 Bg6 14. Ne5
Bxd3 15. Qxd3 Nd7 16. Nxd7 Qxd7 17. Bg5 f6 18. Bd2 Bxg3 19. Qxg3 Nf5 20. Qg4
Re8 21. Re1 Rxe1+ 22. Bxe1 g6 23. Qe2 Kf7 24. b3 Nd6 25. f3 c6 26. g4 1/2-1/2

[Event "PSV Duisburg 1 - SV Dinslaken 1"]
[Site "Oberliga NRW 2014/2015"]
[Date "2014.09.14"]
[Round "1.7"]
[White "Walter, Andreas"]
[Black "Sirringhaus, Wilfried"]
[Result "1-0"]
[WhiteElo "2089"]
[BlackElo "2095"]
[PlyCount "49"]
[EventDate "2014.??.??"]
[WhiteTeam "SV Dinslaken 1"]
[BlackTeam "PSV Duisburg 1"]

1. d4 Nf6 2. c4 d6 3. Nc3 e5 4. d5 Be7 5. e4 O-O 6. g3 Nbd7 7. Bg2 a5 8. Nge2
Nc5 9. Rb1 h6 10. O-O Nh7 11. Be3 f5 12. f4 Nxe4 13. Nxe4 fxe4 14. fxe5 dxe5
15. Nc3 Bf5 16. Bxe4 Bg5 17. Bxf5 Bxe3+ 18. Kg2 Bd4 19. Bxh7+ Kxh7 20. Qc2+ Kh8
21. Rxf8+ Qxf8 22. Rf1 Qb4 23. Ne4 b6 24. Rf7 Rf8 25. a3 1-0

[Event "PSV Duisburg 1 - SV Dinslaken 1"]
[Site "Oberliga NRW 2014/2015"]
[Date "2014.09.14"]
[Round "1.8"]
[White "Brueggemann, Josef"]
[Black "Cebulla, Konstantin"]
[Result "1-0"]
[WhiteElo "1971"]
[BlackElo "2054"]
[PlyCount "103"]
[EventDate "2014.??.??"]
[WhiteTeam "PSV Duisburg 1"]
[BlackTeam "SV Dinslaken 1"]

1. e4 e6 2. d4 d5 3. exd5 exd5 4. Bd3 c5 5. dxc5 Bxc5 6. Nc3 Nc6 7. Nf3 Bg4 8.
h3 Bh5 9. O-O Nge7 10. Bf4 f6 11. g4 Bg6 12. Re1 O-O 13. Bg3 a6 14. Qe2 Bxd3
15. Qxd3 Qd7 16. Rad1 Rad8 17. a3 Kh8 18. Ne4 Ba7 19. c4 d4 20. b4 Ng6 21. Bd6
Rfe8 22. c5 Nge5 23. Nxe5 Nxe5 24. Bxe5 fxe5 25. Nd6 Re7 26. Qe4 Bb8 27. Rxd4
exd4 28. Qxe7 Qxe7 29. Rxe7 Bxd6 30. cxd6 Kg8 31. Rxb7 Rxd6 32. Kf1 d3 33. Ke1
d2+ 34. Kd1 Rd3 35. a4 Ra3 36. a5 Ra2 37. Rb6 Rb2 38. Rxa6 Rxb4 39. Rb6 Ra4 40.
a6 Ra2 41. f4 Kf7 42. Rb7+ Kf6 43. a7 h6 44. Rd7 Kg6 45. h4 h5 46. gxh5+ Kxh5
47. Rxg7 Kxh4 48. f5 Kh5 49. f6 Kh6 50. Ke2 Ra6 51. Kxd2 Rxf6 52. Rg8 1-0

[Event "SG Porz 2 - Klub Kölner SF 1"]
[Site "Oberliga NRW 2014/2015"]
[Date "2014.09.14"]
[Round "1.1"]
[White "Morawietz, Dieter"]
[Black "Korotkjevich, Stanislav"]
[Result "1/2-1/2"]
[WhiteElo "2351"]
[BlackElo "2374"]
[Annotator "Doe,John"]
[PlyCount "96"]
[EventDate "2014.??.??"]
[WhiteTeam "Klub Kölner SF 1"]
[BlackTeam "SG Porz 2"]

1. e4 c5 2. Nf3 d6 3. d4 cxd4 4. Nxd4 Nf6 5. Nc3 Nc6 6. Bg5 e6 7. Qd2 a6 8.
O-O-O h6 9. Nxc6 bxc6 10. Bf4 d5 11. Qe3 Be7 12. Be2 O-O 13. h4 Nd7 14. Qg3 Kh8
15. e5 f5 16. Rh3 Qe8 17. Na4 Rb8 $11 18. a3 c5 19. Qe3 d4 20. Qd2 Kh7 21. h5
Rf7 22. g4 Nf8 23. gxf5 Rxf5 24. Rg1 Qxa4 25. Rhg3 g5 26. hxg6+ Kg8 27. Bxh6
Rb7 28. Rh3 c4 29. Bg7 Bg5 30. Rxg5 Rxg7 31. Rxf5 exf5 32. Qxd4 Be6 33. Qh4
Nxg6 34. Qf6 Qd7 35. Rh1 Nf4 36. Bf3 Qe7 37. Qh6 Ng6 38. Rg1 Nf8 39. Rh1 Qg5+
40. Qxg5 Rxg5 41. Kd2 f4 42. Rh5 Rxh5 43. Bxh5 Nd7 44. Kc3 Nxe5 45. Kd4 Bg4 46.
Kxe5 Bxh5 47. Kxf4 Bd1 48. b3 cxb3 1/2-1/2

[Event "SG Porz 2 - Klub Kölner SF 1"]
[Site "Oberliga NRW 2014/2015"]
[Date "2014.09.14"]
[Round "1.2"]
[White "Malykin, Vitaly"]
[Black "Wacker, Peter"]
[Result "1-0"]
[WhiteElo "2370"]
[BlackElo "2295"]
[PlyCount "71"]
[EventDate "2014.??.??"]
[WhiteTeam "SG Porz 2"]
[BlackTeam "Klub Kölner SF 1"]

1. Nf3 f5 2. d4 Nf6 3. g3 g6 4. Bg2 Bg7 5. O-O O-O 6. b3 d6 7. Bb2 c6 8. c4 Na6
9. Nbd2 Qe8 10. Qc2 Nh5 11. Rfe1 f4 12. e4 fxe3 13. Rxe3 Bf5 14. Qd1 Bh6 15.
Re1 Qd7 16. Ne4 Bg4 17. Qd3 Rae8 18. Neg5 Bf5 19. Qc3 Bg7 20. Nh4 e5 21. Nxf5
Qxf5 22. Qd2 Bh6 23. h4 Nf6 24. Ba3 exd4 25. Bxd6 Rxe1+ 26. Rxe1 Re8 27. Rxe8+
Nxe8 28. Qxd4 Nxd6 29. Qxd6 Bxg5 30. hxg5 Qxg5 31. Qe6+ Kg7 32. Qd7+ Kh6 33.
Qxb7 Qa5 34. Qxa7 c5 35. Qe7 Qxa2 36. Qf8+ 1-0

[Event "SG Porz 2 - Klub Kölner SF 1"]
[Site "Oberliga NRW 2014/2015"]
[Date "2014.09.14"]
[Round "1.3"]
[White "Ludwig, Peter"]
[Black "Peschlow, Patrick"]
[Result "0-1"]
[WhiteElo "2161"]
[BlackElo "2324"]
[PlyCount "80"]
[EventDate "2014.??.??"]
[WhiteTeam "Klub Kölner SF 1"]
[BlackTeam "SG Porz 2"]

1. Nf3 Nf6 2. c4 g6 3. Nc3 d5 4. cxd5 Nxd5 5. g3 Bg7 6. Bg2 O-O 7. O-O Nc6 8.
Nxd5 Qxd5 9. d3 Qb5 10. Rb1 Be6 11. b3 Nb4 12. Qd2 c5 13. Bb2 Rac8 14. a3 Nc6
15. Bxg7 Kxg7 16. Ng5 Bf5 17. Rfc1 b6 18. h4 f6 19. Ne4 Rfd8 20. Qb2 e5 21. Nc3
Qa6 22. b4 Nd4 23. b5 Qa5 24. e3 Bxd3 25. exd4 cxd4 26. Nd5 Bxb1 27. Rxb1 Rc5
28. Qb3 Rd7 29. a4 Qd2 30. Nb4 d3 31. Qe6 Rc1+ 32. Kh2 Rxb1 33. Qxd7+ Kh6 34.
Nd5 Qxf2 35. Ne7 Qa2 36. Qe8 Rb2 37. Ng8+ Kg7 38. Nxf6 Rxg2+ 39. Kh3 Rh2+ 40.
Kg4 Qe2+ 0-1

[Event "SG Porz 2 - Klub Kölner SF 1"]
[Site "Oberliga NRW 2014/2015"]
[Date "2014.09.14"]
[Round "1.4"]
[White "Gallinnis, Norbert"]
[Black "Bonnmann, Reinhard"]
[Result "0-1"]
[WhiteElo "2222"]
[BlackElo "2183"]
[PlyCount "58"]
[EventDate "2014.??.??"]
[WhiteTeam "SG Porz 2"]
[BlackTeam "Klub Kölner SF 1"]

1. e4 c5 2. Na3 Nc6 3. d3 Nf6 4. Nf3 g6 5. g3 Bg7 6. Bg2 O-O 7. O-O d5 8. exd5
Nxd5 9. c3 h6 10. Nc4 Nb6 11. Ne3 e5 12. a4 Be6 13. Qc2 Rc8 14. b3 Nd5 15. Bd2
b6 16. Nc4 a6 17. Rfe1 Qc7 18. Re2 b5 19. Ne3 Rfd8 20. h3 b4 21. Nxd5 Bxd5 22.
Rc1 Qd7 23. Re3 Nd4 24. Qd1 Bxb3 25. Qf1 bxc3 26. Bxc3 f6 27. Ba5 Re8 28. Bb6
Bxa4 29. Bxc5 Nb3 0-1

[Event "SG Porz 2 - Klub Kölner SF 1"]
[Site "Oberliga NRW 2014/2015"]
[Date "2014.09.14"]
[Round "1.5"]
[White "Wisskirchen, Andreas"]
[Black "Pauly, Carlo"]
[Result "1-0"]
[WhiteElo "2179"]
[BlackElo "2198"]
[PlyCount "81"]
[EventDate "2014.??.??"]
[WhiteTeam "Klub Kölner SF 1"]
[BlackTeam "SG Porz 2"]

1. d4 Nf6 2. Nf3 b6 3. c4 Bb7 4. g3 e6 5. Bg2 c5 6. d5 exd5 7. Nh4 b5 8. cxd5
d6 9. O-O g6 10. a4 b4 11. b3 Bg7 12. Bb2 O-O 13. e4 Nbd7 14. Re1 a5 15. Nd2
Nb6 16. Bf1 Qc8 17. Ng2 Re8 18. Qc2 Ba6 19. Bxa6 Rxa6 20. Ne3 Qh3 21. f3 Nfd7
22. Bxg7 Kxg7 23. Ndc4 Nxc4 24. Nxc4 Qh5 25. f4 g5 26. Rf1 gxf4 27. Rxf4 Ne5
28. Raf1 Nxc4 29. Qxc4 Ra7 30. Rf5 Qh6 31. R1f4 Rae7 32. Qe2 f6 33. Qf3 Kh8 34.
Rxf6 Qg5 35. R6f5 Qh6 36. Rf6 Qg5 37. Kg2 Rg8 38. Rxd6 Qe5 39. Rdf6 c4 40. bxc4
Rb7 41. Rf8 1-0

[Event "SG Porz 2 - Klub Kölner SF 1"]
[Site "Oberliga NRW 2014/2015"]
[Date "2014.09.14"]
[Round "1.6"]
[White "Wagenknecht, Uwe"]
[Black "Bayer, Ernst-Wolfgang"]
[Result "1/2-1/2"]
[WhiteElo "2148"]
[BlackElo "2197"]
[Annotator "Doe,John"]
[PlyCount "118"]
[EventDate "2014.??.??"]
[WhiteTeam "SG Porz 2"]
[BlackTeam "Klub Kölner SF 1"]

1. e4 c5 2. Nc3 a6 3. a4 e6 4. Nge2 b6 5. g3 Bb7 6. Bg2 Nf6 7. O-O d6 8. d3 Qc7
9. h3 Be7 10. Be3 Nc6 11. Qd2 Nb4 12. d4 cxd4 13. Nxd4 O-O 14. Rfd1 d5 15. exd5
Nbxd5 16. Nxd5 Nxd5 17. Nf5 Bf6 18. Bd4 Rfd8 19. c4 Bxd4 20. cxd5 Bc5 21. b4
Bxd5 22. bxc5 Bxg2 23. cxb6 Qxb6 24. Qc3 exf5 25. Kxg2 g6 26. Rab1 Qe6 27. Rd4
Rac8 28. Qd3 Rxd4 29. Qxd4 Qc4 30. Rb4 Qc6+ 31. Kh2 a5 32. Rb5 Qc7 33. Rd5 Re8
34. h4 h5 35. Kg2 Kh7 36. Rd7 Qc6+ 37. Qd5 Qxd5+ 38. Rxd5 Ra8 39. Kf3 Kg7 40.
Rb5 Ra7 41. Ke3 Kf6 42. Kf4 Kg7 43. Rc5 $11 Kf6 44. Rb5 Ke6 45. Kg5 Ke7 46.
Re5+ Kf8 47. Kf4 Ra8 48. Rb5 Ke7 49. Kg5 Ke6 50. Kf4 f6 51. Ke3 g5 52. f4 gxh4
53. gxh4 Ra7 54. Rb6+ Kf7 55. Rb5 Kg6 56. Kf3 Ra8 57. Rc5 Rb8 58. Rxa5 Rb3+ 59.
Kg2 Rb2+ 1/2-1/2

[Event "SG Porz 2 - Klub Kölner SF 1"]
[Site "Oberliga NRW 2014/2015"]
[Date "2014.09.14"]
[Round "1.7"]
[White "Schmidt, Kai-Uwe"]
[Black "Xu, Xianliang"]
[Result "0-1"]
[WhiteElo "1971"]
[BlackElo "2159"]
[Annotator "Doe,John"]
[PlyCount "72"]
[EventDate "2014.??.??"]
[WhiteTeam "Klub Kölner SF 1"]
[BlackTeam "SG Porz 2"]

1. d4 d5 2. Nf3 Nf6 3. c4 c6 4. e3 Bf5 5. Nc3 e6 6. Nh4 Bg4 7. Qb3 Qb6 8. h3
Bh5 9. g4 Bg6 10. Nxg6 hxg6 11. g5 Nfd7 12. Bd2 Be7 13. f4 Na6 14. c5 Qxb3 15.
axb3 Nb4 16. Ra4 a5 17. Na2 b5 18. Nxb4 bxa4 19. Nxc6 axb3 20. Bb5 Kf8 21. Nxa5
Bd8 22. Nxb3 Rb8 23. Bxd7 Rxb3 24. Bc3 Ke7 25. Ba4 Rb8 26. Kd2 Bc7 27. b4 Ra8
28. Bb3 Rhb8 29. Kc2 f6 30. h4 Ra7 31. h5 gxh5 32. Rxh5 Kf7 33. f5 exf5 34.
gxf6 Kxf6 35. Bxd5 g6 36. Rh1 f4 {ZÜ} 0-1

[Event "SG Porz 2 - Klub Kölner SF 1"]
[Site "Oberliga NRW 2014/2015"]
[Date "2014.09.14"]
[Round "1.8"]
[White "Fieberg, Samuel"]
[Black "Graf, Peter"]
[Result "1/2-1/2"]
[WhiteElo "2085"]
[BlackElo "1931"]
[Annotator "Doe,John"]
[PlyCount "98"]
[EventDate "2014.??.??"]
[WhiteTeam "SG Porz 2"]
[BlackTeam "Klub Kölner SF 1"]

1. e4 e5 2. Nf3 Nc6 3. Bc4 Bc5 4. c3 Nf6 5. d3 d6 6. O-O h6 7. h3 O-O 8. Re1 a6
9. Bb3 Bd7 10. Nbd2 Ba7 11. Nf1 Na5 12. Bc2 c5 13. Ng3 Nc6 14. Be3 d5 15. d4
cxd4 16. cxd4 exd4 17. Nxd4 Nxd4 18. Bxd4 Bxd4 19. Qxd4 Rc8 20. Rac1 dxe4 21.
Nxe4 Be6 22. Nxf6+ Qxf6 $11 23. Qxf6 gxf6 24. Be4 Bxa2 25. Bxb7 Rxc1 26. Rxc1
Rb8 27. Rc8+ Rxc8 28. Bxc8 Bc4 29. f4 Kf8 30. Kf2 Ke7 31. Ke3 a5 32. Kd4 Bf1
33. Bb7 Kd6 34. Bd5 f5 35. h4 f6 36. g3 Be2 37. Bg2 Bb5 38. Bh3 Bd7 39. Bf1 Be6
40. Ba6 Kc6 41. Bd3 Kd6 42. Bc4 Bc8 43. Bb3 Ba6 44. Ba4 Bc8 45. Kc4 Ba6+ 46.
Kd4 Bc8 47. Bc2 Be6 48. Bb1 Kc6 49. Bd3 Kd6 1/2-1/2